| Registos Bibliográficos associados ao registo de autoridade |
|
Etiqueta de registo: 00000nam 2200025 450 001 1854068 003 http://id.bnportugal.gov.pt/bib/catbnp/1854068 010 ## $a978-989-98459-0-9 021 ## $aPT$b362542/13 100 ## $a20131024d2013 m y0pory01030103ba 101 1# $apor$dfre 102 ## $aPT 105 ## $aa z 000yy 106 ## $ar 200 1# $aNova imagem para novos agricultores$eestudo comparativo Alentejo$dNouvelle image pour nouveaux agriculteurs$eétude comparée Beauce et Gâtinais$fTerras Dentro - Associação para o Desenvolvimento Integrado$gcons. cient. Marcos Olímpio Gomes dos Santos$gcolab. Carolina Barrocas, Margarida Vasco, Laurinda Grosso$gfot. Francisco Fragoso$zfre 210 #9 $a[Lisboa]$cTerras Dentro,$d2013 215 ## $a113, [1] p.$cil.$d21 x 24 cm 510 1# $aNouvelle image pour nouveaux agriculteurs$eétude comparée Beauce et Gâtinais$zfre 675 ## $a631.1(047)$vBN$zpor$31556167 702 #1 $aSantos,$bMarcos Olímpio Gomes dos$4695$3327609 702 #1 $aFragoso,$bFrancisco$4600$31358331 702 #1 $aBarrocas,$bCarolina Augusta Silva Caixinha$4205$31396266 702 #1 $aVasco,$bMargarida$4205$31559789 702 #1 $aGrosso,$bLaurinda$4205$31559790 710 02 $aTerras Dentro - Associação para o Desenvolvimento Integrado$31471699 801 #0 $aPT$bBN$gRPC 856 41 $uhttp://rnod.bnportugal.gov.pt/ImagesBN/winlibimg.aspx?skey=&doc=1854068&img=35049&save=true 900 ## $aBIBNAC$d20140115 966 ## $lBN$mFGMON$sS.A. 152402 V.$x1 966 ## $lBN$mFGMON$sS.A. 152402 V.-D$x1
Etiqueta de registo: 00000nkm 2200025 450 001 2250668 003 http://id.bnportugal.gov.pt/bib/catbnp/2250668 100 ## $a20260119d1995 m y0pory01030103ba 101 0# $apor 102 ## $aPT 200 1# $aAlentejo rural na Lisboa capital, terras dentro - terras do cante$bVisual gráfico]$fTerras Dentro 210 #9 $a[S.l.]$cTerras Dentro,$d[D.L. 1995] 215 ## $a1 cartaz$ccolor.$d66x49,5 cm 316 ## $aLigeiramente amachucado em quase todo o lado direito$5PTBN: CT. 16269 A. 675 ## $a766(=1:469)»199"(084.5)$vBN$zpor$31975740 710 02 $aTerras Dentro - Associação para o Desenvolvimento Integrado$31471699 801 #0 $aPT$bBN$gRPC 966 ## $lBN$mICONOG$sCT. 16269 A.$x1 971 ## $cCaticonografia7$d20260119 995 ## $aPRR2026 $d20260119$iCaticonografia7
Etiqueta de registo: 00000nkm 2200025 450 001 2250432 003 http://id.bnportugal.gov.pt/bib/catbnp/2250432 100 ## $a20260119d1994 m y0pory01030103ba 101 0# $apor 102 ## $aPT 200 1# $aFeira Cuba Leader 94, Terras do Cante, Vila de Cuba, 20 a 29 de maio$bVisual gráfico]$fFeira Cuba Leader e Terras Dentro 210 #9 $aVila de Cuba$cFeira Cuba Leader e Terras Dentro,$d1994 215 ## $a1 cartaz$ccolor.$d65,5x48,5 cm 675 ## $a766(=1:469)»199"(084.5)$vBN$zpor$31975740 710 02 $aFeira Cuba Leader,$eVila de Cuba,$f1994$31979531 712 02 $aTerras Dentro - Associação para o Desenvolvimento Integrado$31471699 801 #0 $aPT$bBN$gRPC 966 ## $lBN$mICONOG$sCT. 16256 A.$x1 971 ## $cCaticonografia7$d20260119 995 ## $aPRR2026 $d20260119$iCaticonografia7
Etiqueta de registo: 00000nkm 2200025 450 001 2269198 003 http://id.bnportugal.gov.pt/bib/catbnp/2269198 100 ## $a20260220d1993 m y0pory01030103ba 101 0# $apor 102 ## $aPT 200 1# $aFeira Leader, encontro do mundo rural na vila de Cuba, Alentejo - maio florido 93,
15 a 23 de maio$bVisual gráfico]$fTerras Dentro, Região de Turismo de Évora e Região de Turismo Planície Dourada 210 #9 $a[Alcáçovas e Évora]$cTerras Dentro,$d1993 215 ## $a1 cartaz$ccolor.$d61,3x44,5 cm 317 ## $aColeção Madeira Luís 710 02 $aTerras Dentro - Associação para o Desenvolvimento Integrado$31471699 711 01 $aPortugal.$bRegião de Turismo de Évora$365153 711 01 $aPortugal.$bRegião de Turismo da Planície Dourada$365151 801 #0 $aPT$bBN$gRPC 966 ## $lBN$mICONOG$sCT. 22105 A.$x3 971 ## $cCaticonografia6$d20260220 995 ## $aPRR2026 $d20260220$iCaticonografia6
|
|
|